Central Library OPAC University of Rajshahi

Job satisfaction and work in industry : (Record no. 30301)

MARC details
000 -LEADER
fixed length control field 00834nam a2200265 a 4500
001 - CONTROL NUMBER
control field 30301
003 - CONTROL NUMBER IDENTIFIER
rucl marc code BD-RjUL
005 - DATE AND TIME OF LATEST TRANSACTION
control field 20211209051537.0
008 - FIXED-LENGTH DATA ELEMENTS--GENERAL INFORMATION
fixed length control field 140409s1984 bg b f000 0 eng
035 ## - SYSTEM CONTROL NUMBER
System control number (BD-RjUL)30386
040 ## - CATALOGING SOURCE
Original cataloging agency DLC
Transcribing agency DLC
Modifying agency BD-RjUL
Language of cataloging eng
041 ## - LANGUAGE CODE
Language code of text/sound track or separate title eng
082 00 - DEWEY DECIMAL CLASSIFICATION NUMBER
Classification number 331.25
Edition number 19
Author mark and year JOB 1984
245 10 - TITLE STATEMENT
Title Job satisfaction and work in industry :
Remainder of title three case studies in Bangladesh /
Statement of responsibility, etc. edited by Abdul Khaleque.
250 ## - EDITION STATEMENT
Edition statement 1st ed.
260 ## - PUBLICATION, DISTRIBUTION, ETC. (IMPRINT)
Place of publication, distribution, etc. Dhaka, Bangladesh :
Name of publisher, distributor, etc. University of Dhaka,
Date of publication, distribution, etc. 1984.
300 ## - PHYSICAL DESCRIPTION
Pagination 144 p. :
Size 23 cm.
500 ## - GENERAL NOTE
General note Appendices in Bengali.
504 ## - BIBLIOGRAPHY, ETC. NOTE
Bibliography, etc Bibliography: p. [100]-118.
650 #0 - SUBJECT ADDED ENTRY--TOPICAL TERM
Topical term or geographic name as entry element Job satisfaction
Geographic subdivision Bangladesh
General subdivision Case studies.
9 (RLIN) 92112
700 ## - ADDED ENTRY--PERSONAL NAME
Personal name Khaleque, Abdul,
Fuller form of name Ph. D.
942 ## - ADDED ENTRY ELEMENTS (KOHA)
Source of classification or shelving scheme Dewey Decimal Classification
Koha item type Books
Holdings
Lost status Source of classification or shelving scheme Damaged status Not for loan Collection code Permanent Location Current Location Shelving location Date acquired Source of acquisition Cost, normal purchase price Total Checkouts Full call number Date last seen Copy number Koha item type
  Dewey Decimal Classification     Non-fiction Central Library, University of Rajshahi Central Library, University of Rajshahi   08/10/1987 u.s.i.s 45.00   331.25 JOB 1984 09/04/2014 C-3 Books
  Dewey Decimal Classification     Non-fiction Central Library, University of Rajshahi Central Library, University of Rajshahi   01/10/1987 W.U.S 45.00   331.25 JOB 1984 15/11/2016 C-2 Books
  Dewey Decimal Classification   Not For Loan Non-fiction Central Library, University of Rajshahi Central Library, University of Rajshahi Reading Room 07/10/1987 W. G. S. 45.00   331.25 JOB 1984 21/03/2017 C-1 Books